វិភាគទាននៃការសិក្សាអក្សរសិល្ប៍ខ្មែរ : (Record no. 6115)

MARC details
000 -LEADER
fixed length control field 01022nam a22002417a 4500
001 - CONTROL NUMBER
control field 6115
003 - CONTROL NUMBER IDENTIFIER
control field FISKH
005 - DATE AND TIME OF LATEST TRANSACTION
control field 20250314162914.0
008 - FIXED-LENGTH DATA ELEMENTS--GENERAL INFORMATION
fixed length control field 250314b cb ||||| |||| 00| 0 eng d
020 ## - INTERNATIONAL STANDARD BOOK NUMBER
International Standard Book Number 9789924340607
040 ## - CATALOGING SOURCE
Original cataloging agency FISKH
Language of cataloging Khmer
Transcribing agency FISKH
Modifying agency FISKH
050 ## - LIBRARY OF CONGRESS CALL NUMBER
Classification number PZ7
082 ## - DEWEY DECIMAL CLASSIFICATION NUMBER
Classification number 800
100 ## - MAIN ENTRY--PERSONAL NAME
Personal name Naron , Hangchhoun
245 ## - TITLE STATEMENT
Title វិភាគទាននៃការសិក្សាអក្សរសិល្ប៍ខ្មែរ :
Remainder of title ក្នុងការលើកកម្ពស់អំណាននៅកម្ពុជា /
Statement of responsibility, etc. ដោយ បណ្ឌិតសភាចារ្យ ហង់ជួន ណារ៉ុន
250 ## - EDITION STATEMENT
Edition statement សហការជាមួយគ្រឺះស្ថានបោះពុម្ពផ្សាយសុីប៉ា
260 ## - PUBLICATION, DISTRIBUTION, ETC.
Place of publication, distribution, etc. Phnom Penh :
Name of publisher, distributor, etc. Sipar ;
Date of publication, distribution, etc. 2019.
300 ## - PHYSICAL DESCRIPTION
Extent 85 pages :
Other physical details illustrations ;
Dimensions 21 cm .
650 ## - SUBJECT ADDED ENTRY--TOPICAL TERM
Topical term or geographic name entry element អក្សរសិល្ប៏ខ្មែរ​
650 ## - SUBJECT ADDED ENTRY--TOPICAL TERM
Topical term or geographic name entry element Khmer Literature
942 ## - ADDED ENTRY ELEMENTS (KOHA)
Source of classification or shelving scheme Dewey Decimal Classification
Koha item type Books
Suppress in OPAC No
Holdings
Withdrawn status Lost status Source of classification or shelving scheme Damaged status Not for loan Collection Home library Current library Shelving location Date acquired Total Checkouts Full call number Barcode Date last seen Copy number Price effective from Koha item type Date last checked out
    Dewey Decimal Classification     Khmer Language Books / សៀវភៅភាសាខ្មែរ Footprints International School Library Network Toul Tom Poung Campus Footprints International School Library Network Toul Tom Poung Campus TTP Secondary Khmer Bookshelves 03/14/2025   NAR PZ7 800 FISSE03206 03/14/2025 1 03/14/2025 Books  
    Dewey Decimal Classification     Khmer Language Books / សៀវភៅភាសាខ្មែរ Footprints International School Library Network Toul Tom Poung Campus Footprints International School Library Network Toul Tom Poung Campus TTP Secondary Khmer Bookshelves 03/14/2025 1 NAR PZ7 800 FISSE03396 03/31/2026 2 03/14/2025 Books 03/02/2026
    Dewey Decimal Classification     Khmer Language Books / សៀវភៅភាសាខ្មែរ Footprints International School Library Network Toul Tom Poung Campus Footprints International School Library Network Toul Tom Poung Campus TTP Secondary Khmer Bookshelves 03/14/2025   NAR PZ7 800 2025-0785 03/14/2025 3 03/14/2025 Books